[Event "Novosibirsk AS-90 Seniors op"]
[Site "Novosibirsk"]
[Date "2010.11.07"]
[Round "2.4"]
[White "Russkikh, Mikhail"]
[Black "Morozov, Vladimir B"]
[Result "1/2-1/2"]
[WhiteElo "1939"]
[BlackElo "1988"]
[PlyCount "106"]
[EventDate "2010.11.05"]
[EventType "swiss"]
[EventRounds "9"]
[EventCountry "RUS"]
[SourceTitle "EXT 2022"]
[Source "ChessBase"]
[SourceDate "2021.10.06"]
[SourceVersion "1"]
[SourceVersionDate "2021.10.06"]
[SourceQuality "1"]

1. e4 e6 2. d4 d5 3. Nd2 Nf6 4. e5 Nfd7 5. Ndf3 b6 6. a3 a5 7. g3 Ba6 8. Bg2 c5 9. c3 Nc6 10. Ne2 Be7 11. 0-0 Rc8 12. Re1 0-0 13. h4 Qc7 14. Be3 Bb5 15. Nf4 a4 16. Ng5 Bxg5 17. hxg5 Na5 18. Qh5 Nb3 19. Rad1 Bc4 20. Bf3 Rfe8 21. Kg2 Nf8 22. Rh1 cxd4 23. cxd4 Bb5 24. Be2 Bxe2 25. Qxe2 Qc4 26. Qg4 Qc2 27. Nd3 Rc4 28. Rhe1 Rcc8 29. Qe2 Qxe2 30. Rxe2 Rc4 31. Nb4 Rec8 32. f4 Ng6 33. Kh3 Ne7 34. g4 Nc6 35. Nxc6 R8xc6 36. f5 Rc2 37. Rxc2 Rxc2 38. Rd3 Na5 39. Rc3 Rxc3 40. bxc3 Nc4 41. Bc1 g6 42. Kg3 Kf8 43. Kf3 Ke8 44. f6 Kd7 45. Ke2 Kc6 46. Kd3 Kb5 47. Kc2 Na5 48. Kd3 Kc6 49. Bb2 Kb7 50. Bc1 Nc4 51. Kc2 Kc7 52. Kd3 Kc6 53. Kc2 Kb7 1/2-1/2

[Event "Novosibirsk Seniors op"]
[Site "Novosibirsk"]
[Date "2010.10.01"]
[Round "7"]
[White "Russkikh, Mikhail"]
[Black "Gavrilov, Gennady"]
[Result "0-1"]
[WhiteElo "1922"]
[BlackElo "2091"]
[PlyCount "82"]
[EventDate "2010.09.24"]
[EventType "swiss"]
[EventRounds "9"]
[EventCountry "RUS"]
[SourceTitle "EXT 2014"]
[Source "ChessBase"]
[SourceDate "2013.11.20"]
[SourceVersion "1"]
[SourceVersionDate "2013.11.20"]
[SourceQuality "1"]

1. e4 e6 2. d4 c5 3. d5 d6 4. c4 Nf6 5. Nc3 e5 6. Bd3 Be7 7. Nge2 h6 8. h3 Na6 9. a3 Bd7 10. 0-0 Rc8 11. f4 Nc7 12. Ng3 g6 13. Be2 exf4 14. Bxf4 g5 15. Be3 0-0 16. e5 Nfe8 17. Bxc5 Nxd5 18. Nxd5 dxc5 19. Ne4 Be6 20. Bg4 Rc6 21. Bf5 Ng7 22. Nxe7+ Qxe7 23. Nf6+ Kh8 24. Bd3 Rd8 25. Qe2 Rd4 26. Rac1 Rc8 27. Bb1 Rcd8 28. b3 b5 29. Qc2 Rd3 30. Qb2 Rd2 31. Rc2 R2d3 32. Rcf2 bxc4 33. bxc4 Bxc4 34. Bxd3 Bxd3 35. Re1 Ne6 36. g3 c4 37. Rd1 Qc5 38. Nh5 Nd4 39. Re1 Nf3+ 40. Kh1 Nxe1 41. Rxf7 Re8 0-1

[Event "Novosibirsk Seniors op"]
[Site "Novosibirsk"]
[Date "2010.09.30"]
[Round "6"]
[White "Konjkov, Victor"]
[Black "Russkikh, Mikhail"]
[Result "1-0"]
[WhiteElo "2004"]
[BlackElo "1922"]
[PlyCount "37"]
[EventDate "2010.09.24"]
[EventType "swiss"]
[EventRounds "9"]
[EventCountry "RUS"]
[SourceTitle "EXT 2014"]
[Source "ChessBase"]
[SourceDate "2013.11.20"]
[SourceVersion "1"]
[SourceVersionDate "2013.11.20"]
[SourceQuality "1"]

1. e4 e6 2. d4 d5 3. Nd2 Nf6 4. e5 Nfd7 5. f4 c5 6. c3 Nc6 7. Ndf3 Qb6 8. g3 cxd4 9. cxd4 f6 10. Bd3 Be7 11. Ne2 0-0 12. 0-0 fxe5 13. fxe5 Ncxe5 14. Nxe5 Nxe5 15. Rxf8+ Bxf8 16. Bc2 Bd7 17. Kg2 Nf7 18. Qd3 e5 19. Qxh7# 1-0

[Event "Novosibirsk op 03"]
[Site "Novosibirsk"]
[Date "2009.03.24"]
[Round "5"]
[White "Chaschin, Nikolay"]
[Black "Russkikh, Mikhail"]
[Result "0-1"]
[WhiteElo "1804"]
[BlackElo "1942"]
[PlyCount "142"]
[EventDate "2009.03.17"]
[EventType "swiss"]
[EventRounds "9"]
[EventCountry "RUS"]
[SourceTitle "EXT 2012"]
[Source "ChessBase"]
[SourceDate "2011.11.24"]
[SourceVersion "1"]
[SourceVersionDate "2011.11.24"]
[SourceQuality "1"]

1. e4 c5 2. Nf3 d6 3. Nc3 a6 4. d4 cxd4 5. Nxd4 Nf6 6. Be2 e6 7. 0-0 h6 8. Be3 b5 9. f3 Bb7 10. a3 Nbd7 11. Qd2 Rc8 12. Rac1 Be7 13. b4 0-0 14. Bd3 Qc7 15. Nce2 Ne5 16. Ng3 Nc4 17. Bxc4 bxc4 18. c3 Rfd8 19. Qf2 d5 20. Nc2 Nd7 21. Rcd1 Bh4 22. exd5 Bxd5 23. Nd4 Re8 24. Nde2 Qc6 25. Nf4 Nf6 26. Qc2 Bxg3 27. hxg3 e5 28. Nxd5 Nxd5 29. Bf2 Nf6 30. Rfe1 e4 31. Re3 Re6 32. Rd4 Rce8 33. Qe2 Qa4 34. fxe4 Qxa3 35. Rxc4 h5 36. Qc2 a5 37. b5 Ng4 38. Re1 Qd6 39. Rc6 Qb8 40. Rxe6 Rxe6 41. c4 h4 42. Qd3 Rg6 43. Rd1 Ne5 44. Qd8+ Qxd8 45. Rxd8+ Kh7 46. c5 hxg3 47. Be3 Nc4 48. Bc1 Re6 49. Rd4 Ne5 50. b6 Nc6 51. Rd6 Rxe4 52. Kf1 Nb8 53. c6 Rc4 54. Bd2 Rxc6 55. Rxc6 Nxc6 56. b7 a4 57. Ke2 Kg6 58. Kf3 Kf5 59. Bc3 g6 60. Kxg3 Ke4 61. Kg4 Kd3 62. Ba1 a3 63. Kg5 Ke3 64. g3 Kf3 65. Be5 a2 66. g4 Nb8 67. Bc3 Nd7 68. Bb2 Ke4 69. Ba1 Kd5 70. Kh6 Kc6 71. Kg7 f5 0-1

[Event "SFR-ch Seniors"]
[Site "Novosibirsk"]
[Date "2008.10.15"]
[Round "8"]
[White "Zenkov, Gennadiy"]
[Black "Russkikh, Mikhail"]
[Result "1-0"]
[WhiteElo "2085"]
[BlackElo "1914"]
[PlyCount "33"]
[EventDate "2008.10.08"]
[EventType "swiss"]
[EventRounds "9"]
[EventCountry "RUS"]
[SourceTitle "EXT 2022"]
[Source "ChessBase"]
[SourceDate "2021.10.06"]
[SourceVersion "1"]
[SourceVersionDate "2021.10.06"]
[SourceQuality "1"]

1. e4 c5 2. c4 Nc6 3. Nf3 g6 4. d4 cxd4 5. Nxd4 Bg7 6. Nb3 Nf6 7. Nc3 d6 8. Be2 0-0 9. 0-0 Bd7 10. Be3 a6 11. f3 Rc8 12. Rc1 Ne5 13. Nd5 Nxd5 14. cxd5 h6 15. f4 Nc4 16. Rxc4 Rxc4 17. Bxc4 1-0

[Event "SFR-ch Seniors"]
[Site "Novosibirsk"]
[Date "2008.10.11"]
[Round "4"]
[White "Russkikh, Mikhail"]
[Black "Maksimov, Valentin"]
[Result "0-1"]
[WhiteElo "1914"]
[BlackElo "2078"]
[PlyCount "70"]
[EventDate "2008.10.08"]
[EventType "swiss"]
[EventRounds "9"]
[EventCountry "RUS"]
[SourceTitle "EXT 2022"]
[Source "ChessBase"]
[SourceDate "2021.10.06"]
[SourceVersion "1"]
[SourceVersionDate "2021.10.06"]
[SourceQuality "1"]

1. e4 d5 2. exd5 Nf6 3. d4 Nxd5 4. c4 Nb6 5. Nc3 e5 6. d5 c6 7. Nf3 Bb4 8. Qb3 Bxc3+ 9. bxc3 cxd5 10. c5 Nc4 11. Bxc4 dxc4 12. Qxc4 Nc6 13. 0-0 0-0 14. Ng5 Bf5 15. Be3 Bd3 16. Qh4 h6 17. Nf3 Bxf1 18. Kxf1 Qd3+ 19. Kg1 Qxc3 20. Rc1 Rad8 21. h3 Qd3 22. Rc4 f5 23. Bxh6 gxh6 24. Qxh6 f4 25. Ng5 Qb1+ 26. Kh2 Rd1 27. g4 fxg3+ 28. Kxg3 Qf5 29. f3 Rg1+ 30. Kh4 Rf6 31. Qh5 Qg6 32. Rg4 Qxh5+ 33. Kxh5 Rxg4 34. fxg4 Kg7 35. Kh4 Nd4 0-1

[Event "Novosibirsk-ch Seniors op"]
[Site "Novosibirsk"]
[Date "2008.09.25"]
[Round "1"]
[White "Mukhamadeev, Razit"]
[Black "Russkikh, Mikhail"]
[Result "1-0"]
[WhiteElo "2076"]
[BlackElo "1914"]
[PlyCount "83"]
[EventDate "2008.09.25"]
[EventType "swiss"]
[EventRounds "9"]
[EventCountry "RUS"]
[SourceTitle "EXT 2022"]
[Source "ChessBase"]
[SourceDate "2021.10.06"]
[SourceVersion "1"]
[SourceVersionDate "2021.10.06"]
[SourceQuality "1"]

1. e4 c5 2. Nf3 d6 3. c3 Nf6 4. Bd3 e5 5. Bc2 Nc6 6. d4 Qc7 7. Bg5 Be7 8. Na3 a6 9. d5 Nb8 10. Nc4 h6 11. Bh4 g5 12. Bg3 Nh5 13. Bxe5 f6 14. Bg3 Nxg3 15. hxg3 Nd7 16. e5 fxe5 17. Nfxe5 Nxe5 18. Nxe5 dxe5 19. Qh5+ Kd8 20. d6 Bxd6 21. 0-0-0 Qe7 22. Rxd6+ Kc7 23. Rxh6 Rxh6 24. Qxh6 Bd7 25. Be4 Rf8 26. f3 g4 27. Qg6 Rf7 28. Rh6 Bc8 29. Qb6+ Kb8 30. Qd6+ Qxd6 31. Rxd6 Re7 32. Kd2 Kc7 33. Rg6 Be6 34. b3 b5 35. Ke3 a5 36. Bd3 Bd7 37. Ra6 Rg7 38. Bxb5 gxf3 39. Ra7+ Kb6 40. Rxd7 fxg2 41. Rd6+ Kxb5 42. a4# 1-0

[Event "Novosibirsk-ch sf"]
[Site "Novosibirsk"]
[Date "2008.01.16"]
[Round "3"]
[White "Novichkov, Vladimir"]
[Black "Russkikh, Mikhail"]
[Result "1-0"]
[WhiteElo "2111"]
[BlackElo "1914"]
[PlyCount "109"]
[EventDate "2008.01.13"]
[EventType "swiss"]
[EventRounds "9"]
[EventCountry "RUS"]
[SourceTitle "EXT 2010"]
[Source "ChessBase"]
[SourceDate "2010.11.25"]
[SourceVersion "1"]
[SourceVersionDate "2010.11.25"]
[SourceQuality "1"]

1. e4 c5 2. Nf3 d6 3. d4 cxd4 4. Nxd4 Nf6 5. f3 a6 6. c4 Nc6 7. Be3 Bd7 8. Nc3 e6 9. Qd2 Rc8 10. Rc1 Ne5 11. b3 h6 12. Be2 Be7 13. 0-0 0-0 14. Kh1 Bc6 15. f4 Ned7 16. Bf3 Nc5 17. Nxc6 bxc6 18. b4 Ncd7 19. a3 a5 20. Rb1 e5 21. g3 Re8 22. Rfd1 Bf8 23. f5 Ra8 24. Qb2 Nb6 25. Qb3 Rb8 26. bxa5 Nbd7 27. Qa4 Qc7 28. a6 Nb6 29. Qa5 c5 30. a7 Rb7 31. Rxb6 Rxa7 32. Qb5 Rxa3 33. Rb7 Qc8 34. Rc1 Qa8 35. Qb2 h5 36. Rb1 Ng4 37. Bg1 Nf6 38. Rb3 Ra5 39. Be3 Qa6 40. Qe2 g6 41. fxg6 fxg6 42. Nb5 Rc8 43. Bg5 Ne8 44. g4 Ra2 45. R3b2 Rxb2 46. Rxb2 Ng7 47. Ra2 Qc6 48. Na7 Qd7 49. Nxc8 Qxc8 50. gxh5 gxh5 51. Bxh5 Qh3 52. Bg4 Qb3 53. Ra1 Kf7 54. Rf1+ Ke8 55. Qf2 1-0

[Event "Novosibirsk-ch sf"]
[Site "Novosibirsk"]
[Date "2008.01.13"]
[Round "1"]
[White "Okladnikov, Gennady"]
[Black "Russkikh, Mikhail"]
[Result "1-0"]
[WhiteElo "2217"]
[BlackElo "1914"]
[PlyCount "111"]
[EventDate "2008.01.13"]
[EventType "swiss"]
[EventRounds "9"]
[EventCountry "RUS"]
[SourceTitle "EXT 2010"]
[Source "ChessBase"]
[SourceDate "2010.11.25"]
[SourceVersion "1"]
[SourceVersionDate "2010.11.25"]
[SourceQuality "1"]

1. e4 c5 2. Nf3 d6 3. d4 cxd4 4. Qxd4 a6 5. c4 Nc6 6. Qd1 Nf6 7. Nc3 e6 8. Be2 Be7 9. 0-0 0-0 10. h3 h6 11. Be3 Qc7 12. Rc1 b6 13. a3 Bb7 14. Nd4 Ne5 15. f4 Ng6 16. f5 exf5 17. Nxf5 Rfe8 18. Nd5 Bxd5 19. cxd5 Qd8 20. Qd4 Ne5 21. g4 Nfd7 22. b4 a5 23. Qd2 Bf8 24. Rf2 axb4 25. axb4 Nf6 26. Qd4 Ned7 27. Bd3 Ra4 28. Rcf1 Ra3 29. Kg2 Kh7 30. Bc1 Rxd3 31. Qxd3 g6 32. Ng3 Bg7 33. g5 Ne5 34. Qc2 Ng8 35. Bf4 f6 36. gxf6 Nxf6 37. Rc1 Nfd7 38. Qc7 Qe7 39. Rcf1 h5 40. Bxe5 Nxe5 41. Qxe7 Rxe7 42. Rc2 h4 43. Nh1 Nd3 44. Rd1 Nxb4 45. Rc4 Na6 46. Nf2 Nc5 47. Rb1 Rb7 48. Rcb4 Nd7 49. Nd3 Ra7 50. e5 dxe5 51. Rxh4+ Kg8 52. Rg4 Kh7 53. Rc1 Ra2+ 54. Kf3 Ra3 55. Rh4+ Bh6 56. Ke2 1-0

[Event "Novosibirsk-ch Seniors op"]
[Site "Novosibirsk"]
[Date "2007.09.29"]
[Round "6"]
[White "Russkikh, Mikhail"]
[Black "Stepanenko, Leonid"]
[Result "0-1"]
[WhiteElo "1971"]
[BlackElo "2007"]
[PlyCount "158"]
[EventDate "2007.09.24"]
[EventType "swiss"]
[EventRounds "9"]
[EventCountry "RUS"]
[SourceTitle "EXT 2022"]
[Source "ChessBase"]
[SourceDate "2021.10.06"]
[SourceVersion "1"]
[SourceVersionDate "2021.10.06"]
[SourceQuality "1"]

1. e4 c6 2. d3 d5 3. Nd2 Nd7 4. f4 e6 5. Ngf3 Ne7 6. Be2 Ng6 7. g3 b6 8. 0-0 Bb7 9. c3 Be7 10. e5 h5 11. h4 c5 12. d4 cxd4 13. cxd4 Ngf8 14. Ng5 g6 15. Bd3 Qc8 16. Ndf3 Ba6 17. Be3 Bxd3 18. Qxd3 Qc4 19. Qb1 Bxg5 20. Nxg5 Nh7 21. Rc1 Qe2 22. Re1 Qg4 23. Bf2 Nxg5 24. fxg5 0-0 25. Qd3 Rfc8 26. Rac1 a6 27. Rc3 b5 28. Rcc1 Rxc1 29. Rxc1 Qf5 30. Qd1 Nb6 31. Rc6 Na4 32. b3 Nb2 33. Qc1 Nd3 34. Qd2 a5 35. Qe2 Nb4 36. Rc1 Qd3 37. Qxd3 Nxd3 38. Rc3 Nb4 39. a3 Na6 40. Rc6 b4 41. a4 Kf8 42. Kg2 Ke8 43. g4 Kd7 44. Rd6+ Kc7 45. gxh5 gxh5 46. Kf3 Nb8 47. g6 fxg6 48. Rxe6 Ra6 49. Re8 Nd7 50. Bg3 Kb7 51. e6 Nf6 52. Rb8+ Ka7 53. e7 Re6 54. Rf8 Rxe7 55. Rxf6 Re4 56. Rxg6 Kb7 57. Bf2 Re8 58. Rg5 Rc8 59. Rxd5 Rc3+ 60. Ke4 Kb6 61. Rb5+ Ka6 62. d5 Rc4+ 63. Bd4 Rc6 64. Rc5 Rg6 65. Rc6+ Rxc6 66. Ke5 Rc3 67. d6 Kb7 68. Ke6 Rd3 69. Bf2 Kc6 70. d7 Rxd7 71. Bb6 Kxb6 72. Kxd7 Kc5 73. Kc7 Kd4 74. Kb6 Kc3 75. Kxa5 Kxb3 76. Kb5 Kc3 77. a5 b3 78. a6 b2 79. a7 b1Q+ 0-1

[Event "Novosibirsk-ch Seniors op"]
[Site "Novosibirsk"]
[Date "2007.09.24"]
[Round "1"]
[White "Russkikh, Mikhail"]
[Black "Romanov, Viktor"]
[Result "1-0"]
[WhiteElo "1971"]
[BlackElo "2081"]
[PlyCount "95"]
[EventDate "2007.09.24"]
[EventType "swiss"]
[EventRounds "9"]
[EventCountry "RUS"]
[SourceTitle "EXT 2022"]
[Source "ChessBase"]
[SourceDate "2021.10.06"]
[SourceVersion "1"]
[SourceVersionDate "2021.10.06"]
[SourceQuality "1"]

1. e4 b6 2. d4 e6 3. c4 Bb7 4. Nc3 Bb4 5. Qg4 Qf6 6. Nge2 d6 7. Bd2 Qg6 8. Qh4 Nf6 9. f3 e5 10. d5 a6 11. a3 Bxc3 12. Nxc3 0-0 13. Qf2 Nbd7 14. b4 Nh5 15. g3 f5 16. Bh3 fxe4 17. Bxd7 Rxf3 18. Be6+ Kh8 19. Qe2 Raf8 20. Nxe4 c6 21. g4 Nf4 22. Bxf4 R8xf4 23. Bf5 Qh6 24. Nd2 Qh4+ 25. Kd1 Rf2 26. Qe3 Rd4 27. Ra2 cxd5 28. c5 Rdf4 29. Qg3 Qf6 30. c6 Bxc6 31. Qc3 Ba4+ 32. Ke1 g6 33. Bc2 Bb5 34. Qc8+ Kg7 35. Qc7+ Kh6 36. Qxb6 Qh4 37. Kd1 Qxg4+ 38. Kc1 Rd4 39. Nb3 Rc4 40. Qxf2 Ba4 41. Nd2 Qc8 42. Nxc4 Qxc4 43. Rb2 d4 44. Qf8+ Kh5 45. Qxd6 Qc3 46. Qxe5+ Kh6 47. Qf4+ Kg7 48. Rf1 1-0